ბათუმის შოთა რუსთაველის სახელმწიფო უნივერსიტეტის ბიბლიოთეკა

ოღასკურას საიდუმლო : (ბიბ.ჩანაწერი № 40047)

000 -ლიდერი
ფიქსირებული სიგრძის საკონტროლო ველი 00904nam a2200217Ia 4500
001 - საკონტროლო ნომერი
საკონტროლო ველი 6653
003 - საკონტროლო ნომრის იდენტიფიკატორი
საკონტროლო ველი GE_BSU
005 - ბოლო ოპერაციის თარიღი და დრო
საკონტროლო ველი 20200203171053.0
008 - ფიქსირებული სიგრძის მონაცემთა ელემენტები - ზოგადი ინფორმაცია
ფიქსირებული სიგრძის საკონტროლო ველი 181216s199 ||||g |||||||||||||| ||geo||
040 ## - კატალოგიზაციის წყარო
Transcribing agency GE_BSU
041 ## - ენის კოდი
Language code of text/sound track or separate title geo
080 ## - უნივერსალური ათობითი კლასიფიკაციის ინდექსი
Universal Decimal Classification number 82-93 გ-26
100 ## - მთავარი ჩანაწერი - პიროვნების სახელი
Personal name გეგია, ალეკო
9 (RLIN) 6733
245 ## - ცნობა სათაურის შესახებ
Title ოღასკურას საიდუმლო :
Remainder of title მოთხრობა-ზღაპარი /
Statement of responsibility, etc ალეკო გეგია ; რედ. გურამ ბუხნიკაშვილი.
264 ## - წარმოების, გამოცემის, დისტრიბუციის და სხვა ცნობები
გამოცემის, წარმოების, დისტრიბუციის... ადგილი თბილისი
გამოცემის, წარმოების, დისტრიბუციის... სახელწოდება (ბ.ს. კომბ-ტი),
გამოცემის, წარმოების, დისტრიბუციის... თარიღი 1991.
300 ## - ფიზიკური აღწერა
Extent 94 გვ. ;
Dimensions 20 სმ.
653 ## - INDEX TERM--UNCONTROLLED
Uncontrolled term ოღასკურას საიდუმლო
653 ## - INDEX TERM--UNCONTROLLED
Uncontrolled term მოთხრობა-ზღაპარი
700 ## - ADDED ENTRY--PERSONAL NAME
Personal name ბუხნიკაშვილი, გურამ
Relator term რედაქტორი
9 (RLIN) 6734
942 ## - ADDED ENTRY ELEMENTS (KOHA)
Koha item type წიგნი
Source of classification or shelving scheme
ეგზემპლარები
ჩამოწერის სტატუსი დაკარგული ეგზემპლარის სტატუსი კლასიფიკაციის წყარო ან თაროზე გაწყობის სქემა დაზიანების სტატუსი არ გაიცემა მუდმივი მდებარეობა (დაცვის ადგილი) ამჟამინდელი ადგილსამყოფელი თაროზე განთავსების ადგილი შეძენის თარიღი ღირებულება, შესყიდვის ნორმალური ფასი სრული შენახვის შიფრი შტრიხკოდი ბოლო ოპერაციის თარიღი ეგზემპლარის მიმდევრობითი ნომერი (კეტერი?) ფასის ძალაში შესვლის თარიღი ეგზემპლარის სახეობა საჯარო შენიშვნა
          ბათუმის შოთა რუსთაველის სახელმწიფო უნივერსიტეტის მთავარი ბიბლიოთეკა ბათუმის შოთა რუსთაველის სახელმწიფო უნივერსიტეტის მთავარი ბიბლიოთეკა წიგნსაცავი 2018-12-17 4.00 82-93 გ-26 14814 2018-12-17 14814 2018-12-17 წიგნი 4.00 ლ.